000 03279nam a2200409 i 4500
003 EG-GICUC
005 20260203163252.0
008 260203s2025 ua |||f m||| 00| 0 ara d
040 _aEG-GICUC
_cEG-GICUC
_dEG-GICUC
_erda
_bara
041 0 _aara
049 _aإهداء
082 0 4 _a347.062
_221
097 _aPh.D
099 _aLaw 05 PHD 2025
100 0 _aسعد محمد سعد الرجعان المعوشرجي
_eمؤلف.
245 1 0 _aمحددات التسويق الإلكتروني في التعاملات التجارية وأثرها علي العميل في التشريع المقارن /
_cإعداد سعد محمد سعد الرجعان المعوشرجي؛ إشراف الأستاذ خليل فيكتور تادرس.
264 0 _aالقاهرة:
_bكلية الحقوق- جامعة القاهرة،
_c2025.
300 _a390 صفحة؛
_c25 سم.
336 _atext
_2rda content
337 _aComputer
_2rda media
338 _aOnline Resource
_2rda carrier
500 _aرسائل نسخة منفردة
500 _aتحتوي علي صفحة عنوان باللغة الأنجليزية
502 _a أطروحة (دكتوراة)- جامعة القاهرة، كلية الحقوق، قسم القانون التجاري، 2025.
504 _aببليوجرافيا: صفحات 332-380
520 3 _aفي طيات هذه الرسالة سوف يتم بحث ودراسة التسويق الالكتروني وأثره على تجربة المتعاملين في ضوء التشريعات المقارنة، وتحليل كيفية تطبيق التسويق الإلكتروني في البيئات التجارية المختلفة، إلى جانب معرفة تأثير ذلك على سلوك العملاء وتوجهاتهم، إضافة إلى استعراض القوانين واللوائحالمرتبطة بالتسويق الإلكتروني في الأنظمة الدولية المختلفة ومقارنتها مع بعضها البعض لمعرفة الفوارق والتشابهات، بما يؤدي لتوضيح كيفية الاستفادة من هذه التشريعات وتطوير الحالي منها المزامنة التحديثات المتسارعة في مجالات التسويق الإلكتروني بما يضمن حماية حقوق ومصالح المتعاملين ويحقق المنفعة العامة في ظل ثورة الاتصال بالقضاء السيبراني
546 _aالملخص باللغة العربية
650 0 4 _aالقانون التجاري
653 0 _aالتسويق الإلكتروني
_aالتشريعات المقارنة
_aالبيئات التجارية المختلفة
_aسلوك العملاء وتوجهاتهم
_aالقوانين واللوائح المرتبطة بالتسويق الإلكتروني
655 4 _aرسائل جامعية
_zجامعة القاهرة
_xالقانون التجاري
700 0 _aخليل فيكتور تادرس
_eمشرف.
710 2 _aجامعة القاهرة.
_bكلية الحقوق
856 _uhttps://fll.law.cu.edu.eg/fulltext/th/T05-02837.pdf
900 _b2025
_Uجامعة القاهرة
_Fكلية الحقوق
_Dقسم القانون التجاري
905 _a64
942 _2ddc
_cTH
_e21
_n0
999 _c60688